Công nghệ vi sinh vật T. 1 Cơ sở vi sinh vâth học công nghiệp
Giáo trình này được biên soạn làm tài liệu tham khảo cho sinh viên các ngành công nghệ thực phẩm, công nghệ sinh học và các kỹ sư có liên quan đến các ngành trên. Giáo trình được biên soạn theo chương trình giảng dạy cho sinh viên ngành công nghệ thực phẩm trường Đại học Bách khoa TP. Hồ Chí Minh....
Αποθηκεύτηκε σε:
| Κύριος συγγραφέας: | |
|---|---|
| Μορφή: | Βιβλίο |
| Γλώσσα: | Vietnamese |
| Έκδοση: |
Tp. Hồ Chí Minh
Trường Đại học Bách khoa
2000
|
| Θέματα: | |
| Ετικέτες: |
Προσθήκη ετικέτας
Δεν υπάρχουν, Καταχωρήστε ετικέτα πρώτοι!
|
| Thư viện lưu trữ: | Mạng thư viện Đại học Đà Nẵng |
|---|
| LEADER | 01573nam a2200349 4500 | ||
|---|---|---|---|
| 001 | 000010118 | ||
| 003 | 6318 | ||
| 005 | 20111114091118.0 | ||
| 008 | 111114s2000 viesd | ||
| 020 | |c 22000đ | ||
| 041 | 0 | |a vie | |
| 082 | |a 579.028 |b NG-L | ||
| 100 | 0 | |a Nguyễn Đức Lượng | |
| 245 | 1 | 0 | |a Công nghệ vi sinh vật |c Nguyễn Đức Lượng |n T. 1 |p Cơ sở vi sinh vâth học công nghiệp |
| 260 | |a Tp. Hồ Chí Minh |b Trường Đại học Bách khoa |c 2000 | ||
| 300 | |a 291 tr |b hình vẽ |c 21 cm | ||
| 520 | |a Giáo trình này được biên soạn làm tài liệu tham khảo cho sinh viên các ngành công nghệ thực phẩm, công nghệ sinh học và các kỹ sư có liên quan đến các ngành trên. Giáo trình được biên soạn theo chương trình giảng dạy cho sinh viên ngành công nghệ thực phẩm trường Đại học Bách khoa TP. Hồ Chí Minh. | ||
| 653 | |a Công nghệ | ||
| 653 | |a vi sinh vật | ||
| 653 | |a giáo trình | ||
| 773 | |t Công nghệ vi sinh vật |w 6317 | ||
| 910 | |a Nguyễn Thị Kim Oanh |d 14/11/2011 | ||
| OWN | |a LSP | ||
| AVA | |a UDN50 |b LSP |d 579.028 NG-L |e available |t Error 5001 Not defined in file expand_doc_bib_avail. |f 4 |g 0 |h N |i 0 |k 1 | ||
| 999 | |a From the UDN01 | ||
| AVA | |a UDN50 |b LSP |d 579.028 NG-L |e available |t Error 5001 Not defined in file expand_doc_bib_avail. |f 4 |g 0 |h N |i 0 |k 1 | ||
| TYP | |a Monograph | ||
| TYP | |a Printed language | ||
| 980 | |a Mạng thư viện Đại học Đà Nẵng | ||